000 00358nam a2200145Ia 4500
008 230724s2008 xx 000 0 und d
041 _aeng
082 _a345/MIS
100 _aMisra S.N.
245 _aIndian Penal Code
250 _a7th ,16th,18th Ed
260 _aAllahabad
_bCentral Law Agency
_c2008
300 _a592p.
650 _aINDIAN PENAL CODE
999 _c743525
_d743525